[Event "HUN-chT U18"]
[Site "Hajduboszormeny"]
[Date "2016.11.03"]
[Round "3.47"]
[White "Koszta, Benedek"]
[Black "Varga, Balint"]
[Result "1-0"]
[WhiteElo "1724"]
[BlackElo "1443"]
[PlyCount "41"]
[EventDate "2016.11.02"]
[EventType "team-swiss"]
[EventRounds "8"]
[EventCountry "HUN"]
[SourceTitle "CBM 175 Extra"]
[Source "ChessBase"]
[SourceDate "2016.12.12"]
[SourceVersion "1"]
[SourceVersionDate "2016.12.12"]
[SourceQuality "1"]

1. e4 c5 2. Nf3 Nc6 3. d4 cxd4 4. Nxd4 Qb6 5. Nb3 e6 6. Be3 Qc7 7. Bd3 Nf6 8. 0-0 Be7 9. Nc3 a6 10. f4 d6 11. g4 0-0 12. g5 Nd7 13. Qh5 Rd8 14. f5 exf5 15. Nd5 Qb8 16. exf5 g6 17. fxg6 fxg6 18. Bxg6 hxg6 19. Qxg6+ Kh8 20. Rf7 Nf8 21. Qg7# 1-0

[Event "HUN-chT2 Barcza 1213"]
[Site "Hungary"]
[Date "2013.04.07"]
[Round "10.11"]
[White "Varga, Balint"]
[Black "Lovas, Peter"]
[Result "0-1"]
[WhiteElo "1814"]
[BlackElo "1823"]
[PlyCount "38"]
[EventDate "2012.09.16"]
[EventType "team-tourn"]
[EventRounds "11"]
[EventCountry "HUN"]
[SourceTitle "EXT 2014"]
[Source "ChessBase"]
[SourceDate "2013.11.20"]
[SourceVersion "1"]
[SourceVersionDate "2013.11.20"]
[SourceQuality "1"]
[WhiteTeam "DEAC"]
[BlackTeam "Nadudvar"]
[WhiteTeamCountry "HUN"]
[BlackTeamCountry "HUN"]

1. d4 Nf6 2. c4 e6 3. Bf4 d5 4. e3 Bd6 5. Bg3 Ne4 6. Bxd6 Qxd6 7. c5 Qe7 8. Nf3 0-0 9. Nbd2 f5 10. Bb5 Bd7 11. Qb3 Nc6 12. Bxc6 Bxc6 13. Nxe4 fxe4 14. Ne5 Qh4 15. 0-0 Rab8 16. Qa3 Bb5 17. Rfe1 Qxf2+ 18. Kh1 h6 19. Qc3 Bf1 0-1

[Event "HUN-chT2 Barcza 1213"]
[Site "Hungary"]
[Date "2013.03.03"]
[Round "8.11"]
[White "Varga, Balint"]
[Black "Solyom, Sandor"]
[Result "0-1"]
[WhiteElo "1814"]
[BlackElo "1702"]
[PlyCount "100"]
[EventDate "2012.09.16"]
[EventType "team-tourn"]
[EventRounds "11"]
[EventCountry "HUN"]
[SourceTitle "EXT 2014"]
[Source "ChessBase"]
[SourceDate "2013.11.20"]
[SourceVersion "1"]
[SourceVersionDate "2013.11.20"]
[SourceQuality "1"]
[WhiteTeam "DEAC"]
[BlackTeam "Sajoszentpeter"]
[WhiteTeamCountry "HUN"]
[BlackTeamCountry "HUN"]

1. d4 e6 2. Bf4 d5 3. e3 c5 4. Nf3 Qb6 5. Nc3 a6 6. Rb1 cxd4 7. exd4 Bb4 8. Qd3 Nf6 9. a3 Bxc3+ 10. Qxc3 Nc6 11. Bd3 Bd7 12. 0-0 Rc8 13. Qc5 Qxc5 14. dxc5 0-0 15. b4 Rfe8 16. Ne5 Nxe5 17. Bxe5 Ng4 18. Ba1 e5 19. f3 Nh6 20. Rfe1 f6 21. Rbd1 Bc6 22. Rd2 Re7 23. Rde2 Rce8 24. c4 Nf7 25. cxd5 Bxd5 26. Be4 Bxe4 27. Rxe4 Rd7 28. f4 Rde7 29. g3 Kf8 30. Kf2 exf4 31. Rxe7 Rxe7 32. Rxe7 fxg3+ 33. hxg3 Kxe7 34. Ke3 Ke6 35. g4 Ne5 36. Kf4 Nc4 37. g5 fxg5+ 38. Kxg5 Nxa3 39. Bxg7 Nc2 40. b5 axb5 41. Kh6 Kd5 42. Kxh7 Kxc5 43. Kg6 b4 44. Kf5 Kc4 45. Ke4 b5 46. Kf3 Kd3 47. Bb2 b3 48. Kf4 Nb4 49. Ke5 Kc2 50. Bd4 Nc6+ 0-1

[Event "HUN-chT2 Barcza 1213"]
[Site "Hungary"]
[Date "2012.11.18"]
[Round "4.11"]
[White "Horvath, Kristof"]
[Black "Varga, Balint"]
[Result "1-0"]
[WhiteElo "1776"]
[BlackElo "1814"]
[PlyCount "73"]
[EventDate "2012.09.16"]
[EventType "team-tourn"]
[EventRounds "11"]
[EventCountry "HUN"]
[SourceTitle "EXT 2014"]
[Source "ChessBase"]
[SourceDate "2013.11.20"]
[SourceVersion "1"]
[SourceVersionDate "2013.11.20"]
[SourceQuality "1"]
[WhiteTeam "Miskolc EMSE"]
[BlackTeam "DEAC"]
[WhiteTeamCountry "HUN"]
[BlackTeamCountry "HUN"]

1. e4 c5 2. c3 d6 3. d4 cxd4 4. cxd4 Nf6 5. Bd3 g6 6. Nf3 Bg7 7. 0-0 0-0 8. Nc3 Nc6 9. h3 Bd7 10. Be3 a6 11. Rc1 Rc8 12. a3 Na5 13. e5 dxe5 14. dxe5 Ne8 15. Nd5 Rxc1 16. Qxc1 Nc6 17. Bb6 Qb8 18. Re1 Nxe5 19. Nxe5 Bxe5 20. Nxe7+ Kg7 21. Be3 Nf6 22. Bh6+ Kh8 23. Bxf8 Bf4 24. Qc3 Bg5 25. Nd5 Qxf8 26. Nxf6 Bxf6 27. Qxf6+ Kg8 28. Bc4 Bc6 29. Re7 Be8 30. Qe5 Bc6 31. Qc7 Be8 32. Qd8 Kg7 33. Rxe8 Qc5 34. Rg8+ Kh6 35. Qh4+ Qh5 36. Qxh5+ Kxh5 37. Bxf7 1-0

[Event "HUN-chT2 Barcza 1011"]
[Site "Hungary"]
[Date "2010.11.07"]
[Round "5.12"]
[White "Varga, Balint"]
[Black "Ordog, Gabor"]
[Result "0-1"]
[WhiteElo "1814"]
[BlackElo "1477"]
[PlyCount "116"]
[EventDate "2010.09.12"]
[EventType "team-tourn"]
[EventRounds "11"]
[EventCountry "HUN"]
[SourceTitle "EXT 2012"]
[Source "ChessBase"]
[SourceDate "2011.11.24"]
[SourceVersion "1"]
[SourceVersionDate "2011.11.24"]
[SourceQuality "1"]
[WhiteTeam "DEAC"]
[BlackTeam "Mezokovesd"]
[WhiteTeamCountry "HUN"]
[BlackTeamCountry "HUN"]

1. e4 c5 2. c3 d5 3. exd5 Qxd5 4. d4 cxd4 5. cxd4 Nc6 6. Nf3 g6 7. Nc3 Qd8 8. Bd2 Bg7 9. Be3 Nf6 10. Be2 0-0 11. Qd2 Ng4 12. Bf4 Nxd4 13. Nxd4 Qxd4 14. Qxd4 Bxd4 15. 0-0 Bg7 16. h3 Nf6 17. Rfd1 Bd7 18. Rac1 Bc6 19. Bb5 Rac8 20. Bxc6 Rxc6 21. Be3 a6 22. Rd2 Ne4 23. Rd3 Rfc8 24. Bd4 Bxd4 25. Rxd4 Nxc3 26. Rxc3 Rxc3 27. bxc3 Rxc3 28. Rd7 e6 29. Rxb7 Rc2 30. a4 Ra2 31. Rb4 a5 32. Rc4 Ra1+ 33. Kh2 Kg7 34. f4 h6 35. Rd4 g5 36. fxg5 hxg5 37. Rc4 Kg6 38. Kg3 f5 39. Kh2 Kf6 40. h4 gxh4 41. Rxh4 e5 42. Rc4 e4 43. Rc6+ Kg5 44. Rc4 e3 45. Rc2 f4 46. g3 Rxa4 47. gxf4+ Kxf4 48. Kg2 Rd4 49. Kf1 a4 50. Ke1 a3 51. Ra2 Ra4 52. Ke2 Ke4 53. Ke1 Kd3 54. Kd1 e2+ 55. Ke1 Ra5 56. Rd2+ Kc3 57. Ra2 Kb3 58. Ra1 Kb2 0-1

[Event "HUN-ch U10"]
[Site "Budapest"]
[Date "2010.07.03"]
[Round "8"]
[White "Varga, Balint"]
[Black "Molnar, Attila"]
[Result "1/2-1/2"]
[WhiteElo "1814"]
[BlackElo "2084"]
[PlyCount "74"]
[EventDate "2010.06.26"]
[EventType "swiss"]
[EventRounds "9"]
[EventCountry "HUN"]
[SourceTitle "CBM 137 Extra"]
[Source "ChessBase"]
[SourceDate "2010.09.01"]
[SourceVersion "1"]
[SourceVersionDate "2010.09.01"]
[SourceQuality "1"]

1. e4 e5 2. Nf3 Qf6 3. Bc4 Bc5 4. 0-0 d6 5. Nc3 Bg4 6. Nd5 Qd8 7. d3 Ne7 8. Nxe7 Qxe7 9. Bd2 0-0 10. Qe2 Bd4 11. c3 Bc5 12. b4 Bb6 13. a4 c6 14. a5 Bc7 15. Rfe1 Re8 16. Rad1 Bxf3 17. Qxf3 Rf8 18. Qg3 g6 19. Bh6 Re8 20. Qg5 Qxg5 21. Bxg5 Nd7 22. d4 exd4 23. cxd4 b5 24. Bb3 Kf8 25. Bh6+ Kg8 26. d5 c5 27. bxc5 Nxc5 28. Bc2 Bxa5 29. Re2 f5 30. f3 Bb6 31. Kf1 b4 32. Rb1 Ba5 33. exf5 Rxe2 34. Kxe2 Re8+ 35. Kf1 gxf5 36. Bxf5 Re5 37. Bc2 Rxd5 1/2-1/2